[Event "Team men PL"]
[Site "Sochi"]
[Date "2020.11.27"]
[Round "8.26"]
[White "Dreev, Aleksey"]
[Black "Shubin, Kirill"]
[Result "0-1"]
[BlackElo "2441"]
[WhiteElo "2655"]
[LiveChessVersion "1.4.8"]

1.d4 {[%clk 1:30:57]} e6 {[%clk 1:30:57]} 2.c4 {[%clk 1:30:22]}
Nf6 {[%clk 1:31:07]} 3.Nc3 {[%clk 1:30:43]} Bb4 {[%clk 1:31:32]}
4.e3 {[%clk 1:31:09]} O-O {[%clk 1:31:53]} 5.Bd2 {[%clk 1:31:03]}
b6 {[%clk 1:29:24]} 6.Nf3 {[%clk 1:29:53]} Bb7 {[%clk 1:29:03]}
7.Bd3 {[%clk 1:29:30]} d6 {[%clk 1:28:51]} 8.O-O {[%clk 1:25:38]}
Nbd7 {[%clk 1:28:53]} 9.Rc1 {[%clk 1:18:07]} e5 {[%clk 1:24:06]}
10.Bb1 {[%clk 1:10:15]} a5 {[%clk 1:18:55]} 11.a3 {[%clk 1:04:18]}
Bxc3 {[%clk 1:19:05]} 12.Bxc3 {[%clk 1:04:43]} Qe7 {[%clk 1:12:57]}
13.Nd2 {[%clk 1:03:20]} Rfe8 {[%clk 1:09:00]} 14.b3 {[%clk 0:50:38]}
exd4 {[%clk 1:05:36]} 15.exd4 {[%clk 0:48:58]} d5 {[%clk 1:04:08]}
16.Bb2 {[%clk 0:31:56]} a4 {[%clk 0:58:37]} 17.bxa4 {[%clk 0:25:38]}
dxc4 {[%clk 0:57:57]} 18.Nxc4 {[%clk 0:23:22]} Nd5 {[%clk 0:57:31]}
19.Ne5 {[%clk 0:22:19]} Nxe5 {[%clk 0:53:53]} 20.dxe5 {[%clk 0:22:47]}
Nf4 {[%clk 0:53:39]} 21.Qg4 {[%clk 0:13:23]} Rxa4 {[%clk 0:53:49]}
22.e6 {[%clk 0:09:21]} fxe6 {[%clk 0:50:58]} 23.Be5 {[%clk 0:02:13]}
h5 {[%clk 0:49:29]} 24.Qxf4 {[%clk 0:02:41]} Rxf4 {[%clk 0:49:42]}
25.Bxf4 {[%clk 0:03:02]} e5 {[%clk 0:48:27]} 26.Be3 {[%clk 0:02:35]}
Ra8 {[%clk 0:47:12]} 27.Rfd1 {[%clk 0:01:04]} Rxa3 {[%clk 0:42:03]}
28.Bd3 {[%clk 0:01:12]} Bd5 {[%clk 0:39:55]} 29.Be2 {[%clk 0:00:36]}
Bf7 {[%clk 0:37:57]} 30.h4 {[%clk 0:00:50]} Rxe3 {[%clk 0:34:25]}
31.fxe3 {[%clk 0:01:19]} c5 {[%clk 0:33:47]} 32.Rb1 {[%clk 0:01:29]}
Qc7 {[%clk 0:34:10]} 33.Bf3 {[%clk 0:01:27]} c4 {[%clk 0:33:12]}
34.Be4 {[%clk 0:01:25]} g6 {[%clk 0:32:32]} 35.Rb5 {[%clk 0:01:02]}
c3 {[%clk 0:31:41]} 36.Kf2 {[%clk 0:00:34]} c2 {[%clk 0:31:28]}
37.Rc1 {[%clk 0:00:53]} Qc4 {[%clk 0:31:55]} 38.Rxe5 {[%clk 0:01:16]}
Qc3 {[%clk 0:32:21]} 39.Rd5 {[%clk 0:00:48]} Bxd5 {[%clk 0:32:33]}
40.Bxd5+ {[%clk 0:31:13]} Kg7 {[%clk 1:02:55]} 41.Ke2 {[%clk 0:31:24]}
Qb2 {[%clk 1:03:04]} 42.Kd2 {[%clk 0:31:49]} Qb4+ {[%clk 1:03:28]}
43.Kd3 {[%clk 0:31:58]} Qa3+ {[%clk 1:03:53]} 0-1

[Event "Team men PL"]
[Site "Sochi"]
[Date "2020.11.27"]
[Round "8.27"]
[White "Usmanov, Vasily"]
[Black "Rublevsky, Sergei"]
[Result "0-1"]
[BlackElo "2653"]
[WhiteElo "2442"]
[LiveChessVersion "1.4.8"]

1.Nf3 {[%clk 1:30:57]} d5 {[%clk 1:30:55]} 2.e3 {[%clk 1:31:23]}
Nf6 {[%clk 1:29:16]} 3.c4 {[%clk 1:31:47]} dxc4 {[%clk 1:27:05]}
4.Na3 {[%clk 1:26:23]} g6 {[%clk 1:23:45]} 5.Nxc4 {[%clk 1:23:44]}
Bg7 {[%clk 1:24:10]} 6.b3 {[%clk 1:20:57]} O-O {[%clk 1:22:43]}
7.Bb2 {[%clk 1:21:24]} c5 {[%clk 1:21:17]} 8.Be2 {[%clk 1:21:21]}
Nc6 {[%clk 1:18:32]} 9.O-O {[%clk 1:21:45]} b6 {[%clk 1:17:14]}
10.d4 {[%clk 1:16:53]} cxd4 {[%clk 1:17:28]} 11.Nxd4 {[%clk 1:17:19]}
Nxd4 {[%clk 1:17:04]} 12.Bxd4 {[%clk 1:09:20]} Bb7 {[%clk 1:17:29]}
13.Qc1 {[%clk 1:00:22]} Qd7 {[%clk 1:05:51]} 14.Ne5 {[%clk 0:50:34]}
Qe6 {[%clk 1:03:08]} 15.Qb2 {[%clk 0:48:36]} Rfd8 {[%clk 0:53:47]}
16.Rac1 {[%clk 0:40:24]} Rac8 {[%clk 0:52:55]} 17.Rxc8 {[%clk 0:30:35]}
Rxc8 {[%clk 0:49:30]} 18.Rd1 {[%clk 0:30:52]} Qf5 {[%clk 0:37:17]}
19.Bc4 {[%clk 0:24:47]} Bd5 {[%clk 0:35:55]} 20.f3 {[%clk 0:18:42]}
Bxc4 {[%clk 0:34:40]} 21.Nxc4 {[%clk 0:19:07]} b5 {[%clk 0:30:16]}
22.e4 {[%clk 0:18:36]} Qg5 {[%clk 0:27:13]} 23.Ne5 {[%clk 0:17:16]}
Nh5 {[%clk 0:22:23]} 24.Kf1 {[%clk 0:09:37]} Nf4 {[%clk 0:17:20]}
25.Ng4 {[%clk 0:09:01]} Rd8 {[%clk 0:11:29]} 26.Qa1 {[%clk 0:08:19]}
Rxd4 {[%clk 0:09:51]} 27.Rxd4 {[%clk 0:08:41]} Ne6 {[%clk 0:09:55]}
28.e5 {[%clk 0:08:33]} h5 {[%clk 0:09:17]} 29.Re4 {[%clk 0:06:10]}
hxg4 {[%clk 0:08:54]} 30.Rxg4 {[%clk 0:06:30]} Qh5 {[%clk 0:08:41]}
31.Re4 {[%clk 0:04:49]} Qxh2 {[%clk 0:08:16]} 32.Qc3 {[%clk 0:04:59]}
Bh6 {[%clk 0:08:01]} 33.Qb4 {[%clk 0:02:57]} Nf4 {[%clk 0:06:29]}
34.Rxf4 {[%clk 0:01:12]} Qxf4 {[%clk 0:04:47]} 35.Qxe7 {[%clk 0:01:37]}
Qc1+ {[%clk 0:05:08]} 36.Kf2 {[%clk 0:02:05]} Qd2+ {[%clk 0:05:14]}
37.Kg3 {[%clk 0:02:31]} Qg5+ {[%clk 0:05:17]} 38.Qxg5 {[%clk 0:02:31]}
Bxg5 {[%clk 0:05:44]} 39.f4 {[%clk 0:02:58]} 0-1

[Event "Team men PL"]
[Site "Sochi"]
[Date "2020.11.27"]
[Round "8.28"]
[White "Zvjaginsev, Vadim"]
[Black "Pershin, Denis"]
[Result "1-0"]
[BlackElo "2387"]
[WhiteElo "2602"]
[LiveChessVersion "1.4.8"]

1.Nf3 {[%clk 1:30:46]} d5 {[%clk 1:30:48]} 2.g3 {[%clk 1:31:07]}
Nf6 {[%clk 1:31:11]} 3.Bg2 {[%clk 1:31:32]} g6 {[%clk 1:31:30]}
4.c4 {[%clk 1:28:28]} c6 {[%clk 1:31:52]} 5.b3 {[%clk 1:28:10]}
Bg7 {[%clk 1:32:16]} 6.Bb2 {[%clk 1:28:12]} O-O {[%clk 1:32:38]}
7.O-O {[%clk 1:28:18]} Bg4 {[%clk 1:28:36]} 8.d3 {[%clk 1:25:14]}
Bxf3 {[%clk 1:28:20]} 9.Bxf3 {[%clk 1:25:21]} Re8 {[%clk 1:28:34]}
10.Bg2 {[%clk 1:17:11]} e5 {[%clk 1:28:48]} 11.Qc2 {[%clk 1:16:03]}
Qd6 {[%clk 1:22:15]} 12.Nd2 {[%clk 1:12:56]} Nbd7 {[%clk 1:21:44]}
13.Rac1 {[%clk 1:07:44]} Bf8 {[%clk 1:16:26]} 14.Bh3 {[%clk 1:00:15]}
a5 {[%clk 1:13:23]} 15.a3 {[%clk 0:56:47]} d4 {[%clk 1:03:56]}
16.Rb1 {[%clk 0:53:28]} Qc7 {[%clk 0:55:01]} 17.Nf3 {[%clk 0:50:04]}
c5 {[%clk 0:53:36]} 18.Bc1 {[%clk 0:44:53]} Nb8 {[%clk 0:53:02]}
19.Bg5 {[%clk 0:41:30]} Nfd7 {[%clk 0:52:45]} 20.Bd2 {[%clk 0:40:23]}
Nc6 {[%clk 0:52:50]} 21.e4 {[%clk 0:39:07]} Bd6 {[%clk 0:43:39]}
22.Nh4 {[%clk 0:38:27]} f6 {[%clk 0:35:45]} 23.f4 {[%clk 0:37:30]}
exf4 {[%clk 0:35:00]} 24.gxf4 {[%clk 0:37:36]} Nf8 {[%clk 0:35:13]}
25.Qd1 {[%clk 0:34:36]} Rab8 {[%clk 0:34:29]} 26.Qg4 {[%clk 0:32:08]}
Qg7 {[%clk 0:27:14]} 27.Rbe1 {[%clk 0:29:45]} b5 {[%clk 0:21:41]}
28.Bg2 {[%clk 0:24:42]} Ne7 {[%clk 0:16:24]} 29.Bxa5 {[%clk 0:24:52]}
bxc4 {[%clk 0:16:46]} 30.bxc4 {[%clk 0:24:42]} Rb3 {[%clk 0:16:45]}
31.e5 {[%clk 0:22:59]} Bb8 {[%clk 0:13:26]} 32.f5 {[%clk 0:20:03]}
g5 {[%clk 0:03:24]} 33.exf6 {[%clk 0:17:57]} Qxf6 {[%clk 0:03:48]}
34.Bd2 {[%clk 0:16:05]} h6 {[%clk 0:03:57]} 35.Nf3 {[%clk 0:15:41]}
Nh7 {[%clk 0:00:45]} 36.h4 {[%clk 0:15:20]} Qg7 {[%clk 0:00:32]}
37.f6 {[%clk 0:13:49]} Nxf6 {[%clk 0:00:40]} 38.Qe6+ {[%clk 0:14:14]}
Kh8 {[%clk 0:00:35]} 39.hxg5 {[%clk 0:14:34]} Nfg8 {[%clk 0:00:31]}
40.gxh6 {[%clk 0:42:51]} Qg3 {[%clk 0:30:54]} 41.h7 {[%clk 0:39:58]}
Kxh7 {[%clk 0:30:36]} 42.Re4 {[%clk 0:40:03]} 1-0

[Event "Team men PL"]
[Site "Sochi"]
[Date "2020.11.27"]
[Round "8.29"]
[White "Timerkhanov, Alexander"]
[Black "Kornev, Alexei"]
[Result "1/2-1/2"]
[BlackElo "2515"]
[WhiteElo "2379"]
[LiveChessVersion "1.4.8"]

1.d4 {[%clk 1:30:56]} Nf6 {[%clk 1:30:54]} 2.Bg5 {[%clk 1:31:20]}
c6 {[%clk 1:29:45]} 3.Nd2 {[%clk 1:28:11]} d5 {[%clk 1:28:13]}
4.e3 {[%clk 1:27:52]} Bf5 {[%clk 1:27:54]} 5.Ngf3 {[%clk 1:26:57]}
Nbd7 {[%clk 1:28:05]} 6.h3 {[%clk 1:25:35]} h6 {[%clk 1:23:38]}
7.Bf4 {[%clk 1:25:24]} Qb6 {[%clk 1:22:10]} 8.Bd3 {[%clk 1:19:44]}
Bxd3 {[%clk 1:21:38]} 9.cxd3 {[%clk 1:20:13]} e6 {[%clk 1:21:54]}
10.O-O {[%clk 1:20:23]} Be7 {[%clk 1:22:18]} 11.Rb1 {[%clk 1:19:46]}
a5 {[%clk 1:17:48]} 12.e4 {[%clk 1:10:30]} O-O {[%clk 1:17:39]}
13.Qe2 {[%clk 1:09:31]} Rfc8 {[%clk 1:16:14]} 14.e5 {[%clk 0:46:48]}
Ne8 {[%clk 1:15:56]} 15.g4 {[%clk 0:46:08]} Nc7 {[%clk 1:13:52]}
16.a4 {[%clk 0:36:24]} Na6 {[%clk 1:13:26]} 17.Kh1 {[%clk 0:34:01]}
Nf8 {[%clk 1:12:14]} 18.Be3 {[%clk 0:30:31]} Nb4 {[%clk 1:11:45]}
19.Ne1 {[%clk 0:30:08]} c5 {[%clk 1:07:40]} 20.f4 {[%clk 0:26:59]}
cxd4 {[%clk 1:07:34]} 21.Bf2 {[%clk 0:26:56]} Nc2 {[%clk 1:05:01]}
22.Ndf3 {[%clk 0:26:33]} Ne3 {[%clk 1:02:53]} 23.Rg1 {[%clk 0:26:22]}
Bc5 {[%clk 1:00:39]} 24.Ng2 {[%clk 0:23:54]} Qb4 {[%clk 0:56:48]}
25.f5 {[%clk 0:21:55]} Qxa4 {[%clk 0:47:34]} 26.b3 {[%clk 0:21:09]}
Qb4 {[%clk 0:43:22]} 27.Ngh4 {[%clk 0:13:48]} g6 {[%clk 0:39:04]}
28.Ng2 {[%clk 0:11:28]} exf5 {[%clk 0:32:23]} 29.Bxe3 {[%clk 0:10:37]}
dxe3 {[%clk 0:32:39]} 30.gxf5 {[%clk 0:11:05]} Ra6 {[%clk 0:27:27]}
31.Ngh4 {[%clk 0:09:34]} Be7 {[%clk 0:20:46]} 32.Rg4 {[%clk 0:06:56]}
Qc5 {[%clk 0:20:00]} 33.Rbg1 {[%clk 0:05:12]} Bxh4 {[%clk 0:19:37]}
34.Rxh4 {[%clk 0:04:02]} d4 {[%clk 0:17:30]} 35.Rxd4 {[%clk 0:04:11]}
b5 {[%clk 0:15:30]} 36.Qxe3 {[%clk 0:03:20]} Rd8 {[%clk 0:15:51]}
37.e6 {[%clk 0:03:19]} Rxd4 {[%clk 0:08:37]} 38.e7 {[%clk 0:03:39]}
Ra8 {[%clk 0:08:30]} 39.exf8Q+ {[%clk 0:03:03]} Rxf8 {[%clk 0:08:57]}
40.fxg6 {[%clk 0:31:38]} Qd5 {[%clk 0:35:53]} 41.Rg2 {[%clk 0:24:46]}
Rxd3 {[%clk 0:31:28]} 42.Qxh6 {[%clk 0:18:58]} Rd1+ {[%clk 0:31:44]}
43.Ng1 {[%clk 0:19:09]} Rd8 {[%clk 0:30:16]} 44.Qh7+ {[%clk 0:17:21]}
Kf8 {[%clk 0:30:07]} 45.g7+ {[%clk 0:17:41]} Ke7 {[%clk 0:30:34]}
46.g8Q {[%clk 0:17:48]} Rxg8 {[%clk 0:30:28]} 47.Qxg8 {[%clk 0:18:14]}
Rd3 {[%clk 0:25:14]} 48.b4 {[%clk 0:08:36]} axb4 {[%clk 0:24:43]}
49.Qg5+ {[%clk 0:08:48]} Kd6 {[%clk 0:17:08]} 50.Qf4+ {[%clk 0:08:13]}
Kc6 {[%clk 0:13:38]} 51.Qxb4 {[%clk 0:07:12]} Rg3 {[%clk 0:12:45]}
52.Qd2 {[%clk 0:06:50]} Rxg2 {[%clk 0:12:57]} 53.Qxg2 {[%clk 0:07:19]}
Qxg2+ {[%clk 0:10:56]} 54.Kxg2 {[%clk 0:07:48]} b4 {[%clk 0:11:07]}
55.Nf3 {[%clk 0:08:09]} Kd5 {[%clk 0:11:27]} 56.Nd2 {[%clk 0:08:21]}
Ke5 {[%clk 0:11:29]} 57.Kf3 {[%clk 0:08:23]} Kf5 {[%clk 0:11:34]}
58.Ke3 {[%clk 0:07:43]} Ke5 {[%clk 0:10:36]} 59.Nf3+ {[%clk 0:04:53]}
Kf5 {[%clk 0:10:52]} 60.Nd4+ {[%clk 0:04:37]} Kg5 {[%clk 0:11:03]}
61.Kf3 {[%clk 0:04:04]} f5 {[%clk 0:09:44]} 62.Kg3 {[%clk 0:03:28]}
f4+ {[%clk 0:09:15]} 63.Kg2 {[%clk 0:03:54]} Kh4 {[%clk 0:09:16]}
64.Kh2 {[%clk 0:03:29]} Kg5 {[%clk 0:08:52]} 65.Kg1 {[%clk 0:03:52]}
Kh4 {[%clk 0:08:46]} 66.Kg2 {[%clk 0:04:17]} Kg5 {[%clk 0:08:52]}
67.Ne6+ {[%clk 0:04:00]} Kf5 {[%clk 0:08:58]} 68.Nc5 {[%clk 0:04:06]}
Kg5 {[%clk 0:09:10]} 69.Kh2 {[%clk 0:03:57]} Kh4 {[%clk 0:09:12]}
70.Nb3 {[%clk 0:03:48]} Kg5 {[%clk 0:07:59]} 71.Kg2 {[%clk 0:04:08]}
Kh4 {[%clk 0:08:19]} 72.Nd2 {[%clk 0:04:21]} Kg5 {[%clk 0:08:23]}
73.Nf3+ {[%clk 0:04:48]} Kh5 {[%clk 0:08:32]} 74.Nd4 {[%clk 0:04:37]}
Kg5 {[%clk 0:08:37]} 75.Kh1 {[%clk 0:04:19]} Kh5 {[%clk 0:07:48]}
76.Kg1 {[%clk 0:04:40]} Kg5 {[%clk 0:07:37]} 77.Kf1 {[%clk 0:04:59]}
Kh4 {[%clk 0:07:43]} 78.Kg2 {[%clk 0:05:25]} Kg5 {[%clk 0:08:07]}
79.Nf3+ {[%clk 0:05:51]} Kh5 {[%clk 0:08:26]} 1/2-1/2

[Event "Team men PL"]
[Site "Sochi"]
[Date "2020.11.27"]
[Round "8.30"]
[White "Yagupov, Igor"]
[Black "Askerov, Marat"]
[Result "1/2-1/2"]
[BlackElo "2338"]
[WhiteElo "2357"]
[LiveChessVersion "1.4.8"]

1.d4 {[%clk 1:30:55]} Nf6 {[%clk 1:30:54]} 2.c4 {[%clk 1:31:04]}
e6 {[%clk 1:31:19]} 3.Nf3 {[%clk 1:31:09]} b6 {[%clk 1:26:56]}
4.a3 {[%clk 1:29:33]} Bb7 {[%clk 1:23:24]} 5.Nc3 {[%clk 1:29:49]}
d5 {[%clk 1:23:40]} 6.cxd5 {[%clk 1:29:34]} exd5 {[%clk 1:24:06]}
7.Bf4 {[%clk 1:28:20]} Be7 {[%clk 1:21:58]} 8.Rc1 {[%clk 1:25:48]}
Nh5 {[%clk 1:10:40]} 9.Be5 {[%clk 1:23:57]} f6 {[%clk 1:05:32]}
10.Bxc7 {[%clk 1:12:39]} Qxc7 {[%clk 1:05:50]} 11.Nxd5 {[%clk 1:13:02]}
Qd7 {[%clk 1:02:52]} 12.Nc7+ {[%clk 1:13:14]} Kf8 {[%clk 1:00:56]}
13.e3 {[%clk 1:10:22]} g6 {[%clk 0:56:33]} 14.Be2 {[%clk 0:44:26]}
Ng7 {[%clk 0:48:53]} 15.O-O {[%clk 0:44:16]} Ne6 {[%clk 0:45:38]}
16.Nxa8 {[%clk 0:42:21]} Bxa8 {[%clk 0:45:58]} 17.Rc3 {[%clk 0:40:17]}
Kg7 {[%clk 0:42:59]} 18.Qc2 {[%clk 0:33:03]} Re8 {[%clk 0:32:25]}
19.Rc1 {[%clk 0:32:59]} Bd6 {[%clk 0:30:51]} 20.Qd1 {[%clk 0:26:01]}
Qb7 {[%clk 0:18:23]} 21.Qf1 {[%clk 0:23:34]} Qe7 {[%clk 0:15:20]}
22.Bb5 {[%clk 0:18:44]} Rd8 {[%clk 0:15:06]} 23.Nd2 {[%clk 0:17:58]}
Bb7 {[%clk 0:14:44]} 24.Be2 {[%clk 0:15:34]} f5 {[%clk 0:07:58]}
25.Bf3 {[%clk 0:13:25]} Ba6 {[%clk 0:08:23]} 26.Nc4 {[%clk 0:12:07]}
Bc7 {[%clk 0:05:45]} 27.Be2 {[%clk 0:11:59]} Nd7 {[%clk 0:05:03]}
28.d5 {[%clk 0:10:19]} Nec5 {[%clk 0:01:33]} 29.d6 {[%clk 0:09:53]}
Bxd6 {[%clk 0:01:58]} 30.Nxd6 {[%clk 0:10:17]} Bxe2 {[%clk 0:02:10]}
31.Nxf5+ {[%clk 0:10:32]} gxf5 {[%clk 0:02:38]} 32.Qxe2 {[%clk 0:10:55]}
Ne5 {[%clk 0:02:06]} 33.Rd1 {[%clk 0:06:50]} Rg8 {[%clk 0:00:53]}
34.Qh5 {[%clk 0:06:10]} Qf7 {[%clk 0:00:57]} 35.Qxf7+ {[%clk 0:05:51]}
Kxf7 {[%clk 0:01:22]} 36.b4 {[%clk 0:06:08]} Nf3+ {[%clk 0:00:48]}
37.Kf1 {[%clk 0:04:37]} Nxh2+ {[%clk 0:01:12]} 38.Ke2 {[%clk 0:04:57]}
Ne4 {[%clk 0:01:23]} 39.Rc7+ {[%clk 0:02:51]} Ke6 {[%clk 0:01:52]}
40.Rc6+ {[%clk 0:32:55]} Ke7 {[%clk 0:32:08]} 41.Rc7+ {[%clk 0:24:55]}
Ke6 {[%clk 0:32:23]} 42.Rc6+ {[%clk 0:22:45]} Ke7 {[%clk 0:32:22]}
43.g3 {[%clk 0:21:18]} Ng4 {[%clk 0:31:40]} 44.Rc7+ {[%clk 0:21:04]}
Ke6 {[%clk 0:30:00]} 45.Rc6+ {[%clk 0:21:14]} Ke7 {[%clk 0:30:14]}
46.Rc7+ {[%clk 0:21:15]} Ke6 {[%clk 0:29:03]} 47.Rc6+ {[%clk 0:21:31]}
Ke7 1/2-1/2

[Event "Team men PL"]
[Site "Sochi"]
[Date "2020.11.28"]
[Round "9.1"]
[White "Andreikin, Dmitry"]
[Black "Vitiugov, Nikita"]
[Result "1/2-1/2"]
[BlackElo "2722"]
[WhiteElo "2726"]
[LiveChessVersion "1.4.8"]

1.d4 {[%clk 1:30:51]} Nf6 {[%clk 1:30:26]} 2.c4 {[%clk 1:31:08]}
g6 {[%clk 1:30:19]} 3.Nc3 {[%clk 1:31:02]} d5 {[%clk 1:30:14]}
4.cxd5 {[%clk 1:31:19]} Nxd5 {[%clk 1:30:36]} 5.e4 {[%clk 1:31:42]}
Nxc3 {[%clk 1:30:57]} 6.bxc3 {[%clk 1:32:08]} Bg7 {[%clk 1:31:03]}
7.Nf3 {[%clk 1:32:25]} c5 {[%clk 1:30:54]} 8.Bb5+ {[%clk 1:30:23]}
Nc6 {[%clk 1:30:04]} 9.d5 {[%clk 1:29:20]} Qa5 {[%clk 1:21:29]}
10.Rb1 {[%clk 1:29:10]} Bxc3+ {[%clk 1:17:39]} 11.Bd2 {[%clk 1:28:37]}
a6 {[%clk 1:17:02]} 12.Bxc6+ {[%clk 1:28:15]} bxc6 {[%clk 1:17:01]}
13.dxc6 {[%clk 1:28:27]} Be6 {[%clk 1:13:19]} 14.Rc1 {[%clk 1:28:43]}
Bb4 {[%clk 1:05:45]} 15.O-O {[%clk 1:28:01]} Bxd2 {[%clk 1:01:56]}
16.Qxd2 {[%clk 1:27:49]} Qxd2 {[%clk 1:02:19]} 17.Nxd2 {[%clk 1:28:17]}
O-O-O {[%clk 1:01:51]} 18.Nb3 {[%clk 1:28:39]} Bxb3 {[%clk 1:01:56]}
19.axb3 {[%clk 1:28:50]} Rd6 {[%clk 0:58:58]} 20.Rxc5 {[%clk 1:27:50]}
Kc7 {[%clk 0:56:44]} 21.Ra1 {[%clk 1:27:19]} Rb8 {[%clk 0:55:16]}
22.e5 {[%clk 1:26:42]} Rxc6 {[%clk 0:53:45]} 23.Rxc6+ {[%clk 1:26:09]}
Kxc6 {[%clk 0:54:12]} 24.Rxa6+ {[%clk 1:26:33]} Kd5 {[%clk 0:54:30]}
25.Ra7 {[%clk 1:26:46]} Rxb3 {[%clk 0:54:43]} 26.f4 {[%clk 1:27:10]}
Ke6 {[%clk 0:54:51]} 27.Ra6+ {[%clk 1:26:49]} Kf5 {[%clk 0:55:16]}
28.Ra7 {[%clk 1:27:14]} Kxf4 {[%clk 0:55:27]} 29.Rxe7 {[%clk 1:27:09]}
Rb1+ {[%clk 0:55:48]} 30.Kf2 {[%clk 1:27:35]} Rb2+ {[%clk 0:56:14]}
31.Kg1 {[%clk 1:28:02]} Rb1+ {[%clk 0:56:38]} 32.Kf2 {[%clk 1:28:28]}
Rb2+ {[%clk 0:57:05]} 33.Kg1 {[%clk 1:28:54]} Rb1+ {[%clk 0:57:31]}
34.Kf2 {[%clk 1:29:18]} Rb2+ {[%clk 0:57:58]} 35.Kg1 {[%clk 1:29:44]}
Rb1+ {[%clk 0:58:26]} 1/2-1/2

[Event "Team men PL"]
[Site "Sochi"]
[Date "2020.11.28"]
[Round "9.2"]
[White "Matlakov, Maxim"]
[Black "Dreev, Aleksey"]
[Result "1/2-1/2"]
[BlackElo "2655"]
[WhiteElo "2685"]
[LiveChessVersion "1.4.8"]

1.d4 {[%clk 1:30:56]} Nf6 {[%clk 1:30:54]} 2.c4 {[%clk 1:30:56]}
e6 {[%clk 1:31:17]} 3.Nf3 {[%clk 1:31:11]} Bb4+ {[%clk 1:31:39]}
4.Nbd2 {[%clk 1:31:22]} b6 {[%clk 1:31:56]} 5.a3 {[%clk 1:31:04]}
Bxd2+ {[%clk 1:32:19]} 6.Nxd2 {[%clk 1:31:18]} Bb7 {[%clk 1:31:56]}
7.b3 {[%clk 1:31:32]} c5 {[%clk 1:27:26]} 8.dxc5 {[%clk 1:29:33]}
bxc5 {[%clk 1:27:42]} 9.Bb2 {[%clk 1:29:54]} d5 {[%clk 1:03:26]}
10.cxd5 {[%clk 1:24:02]} exd5 {[%clk 1:02:40]} 11.e3 {[%clk 1:23:40]}
O-O {[%clk 1:00:03]} 12.Be2 {[%clk 1:18:52]} a5 {[%clk 0:58:19]}
13.O-O {[%clk 1:18:15]} Nbd7 {[%clk 0:58:43]} 14.Qc2 {[%clk 1:08:58]}
Qe7 {[%clk 0:51:18]} 15.Rfd1 {[%clk 0:59:53]} Rfc8 {[%clk 0:42:05]}
16.a4 {[%clk 0:48:40]} Nf8 {[%clk 0:30:47]} 17.Nf1 {[%clk 0:43:49]}
Ne4 {[%clk 0:28:09]} 18.Ng3 {[%clk 0:33:54]} Nxg3 {[%clk 0:26:18]}
19.hxg3 {[%clk 0:34:02]} Ne6 {[%clk 0:26:29]} 20.Rac1 {[%clk 0:33:31]}
Rd8 {[%clk 0:13:52]} 21.Qf5 {[%clk 0:30:07]} d4 {[%clk 0:12:22]}
22.exd4 {[%clk 0:25:44]} Nxd4 {[%clk 0:06:57]} 23.Bxd4 {[%clk 0:26:03]}
cxd4 {[%clk 0:07:14]} 24.Bc4 {[%clk 0:20:00]} Rd7 {[%clk 0:06:28]}
25.Re1 {[%clk 0:16:12]} Qd6 {[%clk 0:06:33]} 26.Qe5 {[%clk 0:12:46]}
Qxe5 {[%clk 0:02:37]} 27.Rxe5 {[%clk 0:13:10]} Kf8 {[%clk 0:02:50]}
28.f3 {[%clk 0:11:30]} Rd6 {[%clk 0:01:13]} 29.Kf2 {[%clk 0:10:11]}
Bc8 {[%clk 0:01:12]} 30.Bd5 {[%clk 0:03:09]} Rb8 {[%clk 0:01:25]}
31.Rc7 {[%clk 0:03:27]} Be6 {[%clk 0:00:57]} 32.Bxe6 {[%clk 0:03:37]}
Rxe6 {[%clk 0:00:38]} 33.Rxa5 {[%clk 0:01:58]} d3 {[%clk 0:01:06]}
34.Rd5 {[%clk 0:01:26]} Re2+ {[%clk 0:00:35]} 35.Kg1 {[%clk 0:01:40]}
d2 {[%clk 0:00:34]} 36.Kh2 {[%clk 0:01:24]} g6 {[%clk 0:00:32]}
37.Rc3 {[%clk 0:00:32]} Rf2 {[%clk 0:00:53]} 38.Rcd3 {[%clk 0:00:34]}
d1Q {[%clk 0:01:18]} 39.Rxd1 {[%clk 0:01:03]} Rxb3 {[%clk 0:01:47]}
40.Rb5 {[%clk 0:30:47]} Rbxf3 {[%clk 0:31:26]} 41.Rd4 {[%clk 0:24:29]}
Ra3 {[%clk 0:29:00]} 42.Rf4 {[%clk 0:24:15]} Rxf4 {[%clk 0:28:59]}
43.gxf4 {[%clk 0:24:40]} Rxa4 {[%clk 0:29:21]} 44.f5 {[%clk 0:23:35]}
Kg7 {[%clk 0:29:10]} 45.fxg6 {[%clk 0:23:26]} hxg6 {[%clk 0:29:11]}
46.Rb7 {[%clk 0:23:28]} g5 {[%clk 0:29:33]} 47.Kh3 {[%clk 0:23:01]}
Rh4+ {[%clk 0:29:33]} 48.Kg3 {[%clk 0:23:27]} Kg6 {[%clk 0:29:58]}
49.Rb6+ {[%clk 0:20:36]} f6 {[%clk 0:30:23]} 50.Ra6 {[%clk 0:20:37]}
Rc4 {[%clk 0:27:43]} 51.Kh3 {[%clk 0:19:11]} Rc3+ {[%clk 0:27:46]}
52.Kg4 {[%clk 0:19:09]} Rc4+ {[%clk 0:27:43]} 1/2-1/2

[Event "Team men PL"]
[Site "Sochi"]
[Date "2020.11.28"]
[Round "9.3"]
[White "Rublevsky, Sergei"]
[Black "Fedoseev, Vladimir"]
[Result "1-0"]
[BlackElo "2676"]
[WhiteElo "2653"]
[LiveChessVersion "1.4.8"]

1.e4 {[%clk 1:30:57]} c5 {[%clk 1:30:35]} 2.Nc3 {[%clk 1:31:15]}
d6 {[%clk 1:28:19]} 3.Nge2 {[%clk 1:31:38]} Nf6 {[%clk 1:26:07]}
4.g3 {[%clk 1:31:37]} g6 {[%clk 1:24:51]} 5.Bg2 {[%clk 1:31:26]}
Bg7 {[%clk 1:25:01]} 6.O-O {[%clk 1:30:28]} O-O {[%clk 1:25:19]}
7.d3 {[%clk 1:30:55]} Nc6 {[%clk 1:22:23]} 8.Bg5 {[%clk 1:31:20]}
Bg4 {[%clk 1:12:05]} 9.h3 {[%clk 1:22:34]} Bxe2 {[%clk 1:12:25]}
10.Nxe2 {[%clk 1:22:55]} Rc8 {[%clk 1:11:27]} 11.c3 {[%clk 1:19:58]}
b5 {[%clk 1:08:53]} 12.d4 {[%clk 1:14:17]} b4 {[%clk 1:05:38]}
13.cxb4 {[%clk 1:05:36]} cxb4 {[%clk 1:05:28]} 14.Qd2 {[%clk 1:02:47]}
a5 {[%clk 1:02:10]} 15.Rac1 {[%clk 1:02:27]} e5 {[%clk 0:52:08]}
16.Rfd1 {[%clk 0:51:04]} Qb6 {[%clk 0:49:25]} 17.d5 {[%clk 0:43:40]}
Nb8 {[%clk 0:46:26]} 18.Rxc8 {[%clk 0:42:41]} Rxc8 {[%clk 0:46:31]}
19.Rc1 {[%clk 0:42:59]} Rxc1+ {[%clk 0:44:00]} 20.Qxc1 {[%clk 0:41:49]}
Qb7 {[%clk 0:44:22]} 21.Qc4 {[%clk 0:36:17]} Nbd7 {[%clk 0:36:40]}
22.Qc6 {[%clk 0:30:57]} Qb8 {[%clk 0:36:10]} 23.Be3 {[%clk 0:30:02]}
Bf8 {[%clk 0:34:32]} 24.Nc1 {[%clk 0:23:12]} Be7 {[%clk 0:34:35]}
25.Nb3 {[%clk 0:21:44]} Bd8 {[%clk 0:34:57]} 26.g4 {[%clk 0:16:15]}
Qc7 {[%clk 0:30:42]} 27.g5 {[%clk 0:13:08]} Nh5 {[%clk 0:30:58]}
28.Nxa5 {[%clk 0:11:31]} Qxa5 {[%clk 0:29:19]} 29.Qxd7 {[%clk 0:11:55]}
Bc7 {[%clk 0:29:11]} 30.Bf3 {[%clk 0:09:18]} b3 {[%clk 0:24:19]}
31.axb3 {[%clk 0:09:00]} Bb6 {[%clk 0:23:13]} 32.Bxb6 {[%clk 0:07:48]}
Qxb6 {[%clk 0:23:35]} 33.Bxh5 {[%clk 0:08:08]} gxh5 {[%clk 0:23:57]}
34.Qc8+ {[%clk 0:07:46]} Kg7 {[%clk 0:24:19]} 35.Qf5 {[%clk 0:08:12]}
Kg8 {[%clk 0:23:49]} 36.Qc8+ {[%clk 0:06:26]} Kg7 {[%clk 0:24:12]}
37.Qc3 {[%clk 0:04:54]} Qb5 {[%clk 0:23:54]} 38.Kg2 {[%clk 0:04:32]}
Qe2 {[%clk 0:23:17]} 39.Qf3 {[%clk 0:04:21]} Qc2 {[%clk 0:22:37]}
40.b4 {[%clk 0:32:51]} h4 {[%clk 0:52:23]} 41.b5 {[%clk 0:28:20]}
Kg8 {[%clk 0:52:05]} 42.b3 {[%clk 0:27:54]} Qc5 {[%clk 0:51:21]}
43.Qd3 {[%clk 0:27:24]} Kg7 {[%clk 0:51:50]} 44.Qc4 {[%clk 0:25:54]}
Qb6 {[%clk 0:50:48]} 45.Qe2 {[%clk 0:23:10]} Qc5 {[%clk 0:49:26]}
46.Qh5 {[%clk 0:21:50]} Kg8 {[%clk 0:49:36]} 47.Qxh4 {[%clk 0:21:40]}
Qb4 {[%clk 0:49:55]} 48.b6 {[%clk 0:19:57]} Qxb6 {[%clk 0:49:52]}
49.Qg3 {[%clk 0:20:22]} Qd4 {[%clk 0:50:16]} 50.Qf3 {[%clk 0:20:04]}
Qd2 {[%clk 0:50:12]} 51.h4 {[%clk 0:20:06]} Qc1 {[%clk 0:48:05]}
52.h5 {[%clk 0:17:31]} Kf8 {[%clk 0:47:12]} 53.Qf6 {[%clk 0:15:38]}
Ke8 {[%clk 0:47:29]} 54.g6 {[%clk 0:12:31]} hxg6 {[%clk 0:47:22]}
55.hxg6 {[%clk 0:12:57]} fxg6 {[%clk 0:47:45]} 56.Qxg6+ {[%clk 0:09:35]}
Kd7 {[%clk 0:48:05]} 57.Qe6+ {[%clk 0:10:01]} Kc7 {[%clk 0:48:25]}
58.Qe7+ {[%clk 0:10:28]} Kc8 {[%clk 0:48:24]} 59.Qe8+ {[%clk 0:09:16]}
Kc7 {[%clk 0:48:47]} 60.Qc6+ {[%clk 0:09:32]} 1-0